000 00513nam a22001697a 4500
005 20231109134914.0
008 231109b |||||||| |||| 00| 0 eng d
041 _aEnglish
082 _a346.2 CHI
100 _aGuest, AG et al.
_lEnglish
245 _aChitty on Contracts /
_cAG Guest et al.
250 _aTwenty-Third Edition
260 _aLondon :
_bSweet and Maxwell,
_c1968
300 _bclxxvi, 894 pages ;
_c25 cm.
650 _aLegal practice
_bLaw
942 _cBK
_6ALISON_BN_VRIES
999 _c489
_d489